1851 1594 1082 1325 1177 1416 1580 1954 1912 1252 1814 1801 1093 1359 1218 1194 1195 1630 1881 1517 1706 1566 1404 1274 1376 1039 1677 1168 1316 1894 1266 1605 1877 1739 1189 1816 1190 1182 1902 1911 1982 1468 1790 1429 1164 1641 1410 1892 1480 1043 1888 1566 1241 1672 1203 1421 1532 1844 1525 1427 1595 1120 1313 1292 1643 1463 1196 1609 1776 1581 1864 1164 1890 1717 1280 1105 1212 1882 1237 1318 1510 1412 1810 1143 1302 1565 1726 1562 1737 1031 1423 1894 1361 1160 1950 1479 1260 1165 1913 BCNSPRNW ULIB Ver.6.0+V

เปลี่ยนเป็นภาษาไทย

Change to English
 แสดงรายละเอียดบรรณานุกรม
  กลับหน้าหลัก

Brief Record : Get Marc (ISO 2709) : E-mail record : QR code < ปิดหน้าต่าง
LEADER : 00000nam 2200000uu 4500
001    13399125786
003     ULIB
008    170905s2560||||th 000 0 tha d
020    ^a9786162799662
060  0 ^aWY157^bป621ก
100 0  ^aปิยะนันท์ ลิมเรืองรอง
245 00 ^aการพยาบาลสตรีระยะตั้งครรภ์=^bPrenatal Nursing Care/^cบรรณาธิการ,ปิยะนันท์ ลิมเรืองรอง
260    ^aกรุงเทพฯ :^bโครงการตำราคณะพยาบาลศาสตร์ มหาวิทยาลัยมหิดล,^c2560
300    ^a300 หน้า ;^c26 ซม.
650  0 ^aการพยาบาล
650  0 ^aการตั้งครรภ์
700 0  ^aปิยะนันท์ ลิมเรืองรอง^eบรรณาธิการ
710 1  ^aมหาวิทยาลัยมหิดล,^bคณะพยาบาลศาสตร์
945    ^p300^l0^i25378
945    ^p300^l0^i25379
945    ^p300^l0^i25380
945    ^p300^l0^i25381
945    ^p300^l0^i25382
945    ^p300^l0^i25383
945    ^p300^l0^i25384
945    ^p300^l0^i25422
945    ^p300^l0^i25578
945    ^p300^l0^i25579
999    ^aกัณชพร จุลอักษร
รายการนี้ยังไม่มีแท็ก
คุณยังไม่ได้ล็อกอิน คุณสามารถมีกิจกรรมร่วมกับเว็บไซต์ได้ แต่ต้องล็อกอินก่อน ::
  ล็อกอิน

รายการสื่อสารสนเทศ

ลำดับที่ ประเภท เลขเรียก/บาร์โค้ด สถานที่ สถานะ
1. หนังสือสำรอง
หนังสือสำรอง
WY157 ป621ก ฉ.1 
  Barcode: 25378
ห้องสมุดวิทยาเขตนครสวรรค์
►หนังสือทั่วไป:l:General Books
บนชั้น
2. วิทยาศาสตร์การแพทย์ และสุขภาพ
วิทยาศาสตร์การแพทย์ และสุขภาพ
WY157 ป621ก ฉ.10 
  Barcode: 25579
ห้องสมุดวิทยาเขตนครสวรรค์
►หนังสือทั่วไป:l:General Books
บนชั้น
3. วิทยาศาสตร์การแพทย์ และสุขภาพ
วิทยาศาสตร์การแพทย์ และสุขภาพ
WY157 ป621ก ฉ.2 
  Barcode: 25379
ห้องสมุดวิทยาเขตนครสวรรค์
►หนังสือทั่วไป:l:General Books
บนชั้น
4. วิทยาศาสตร์การแพทย์ และสุขภาพ
วิทยาศาสตร์การแพทย์ และสุขภาพ
WY157 ป621ก ฉ.3 
  Barcode: 25380
ห้องสมุดวิทยาเขตนครสวรรค์
►หนังสือทั่วไป:l:General Books
บนชั้น
5. วิทยาศาสตร์การแพทย์ และสุขภาพ
วิทยาศาสตร์การแพทย์ และสุขภาพ
WY157 ป621ก ฉ.4 
  Barcode: 25381
ห้องสมุดวิทยาเขตนครสวรรค์
►หนังสือทั่วไป:l:General Books
บนชั้น
6. วิทยาศาสตร์การแพทย์ และสุขภาพ
วิทยาศาสตร์การแพทย์ และสุขภาพ
WY157 ป621ก ฉ.5 
  Barcode: 25382
ห้องสมุดวิทยาเขตนครสวรรค์
►หนังสือทั่วไป:l:General Books
บนชั้น
7. วิทยาศาสตร์การแพทย์ และสุขภาพ
วิทยาศาสตร์การแพทย์ และสุขภาพ
WY157 ป621ก ฉ.6 
  Barcode: 25383
ห้องสมุดวิทยาเขตนครสวรรค์
►หนังสือทั่วไป:l:General Books
บนชั้น
8. วิทยาศาสตร์การแพทย์ และสุขภาพ
วิทยาศาสตร์การแพทย์ และสุขภาพ
WY157 ป621ก ฉ.7 
  Barcode: 25384
ห้องสมุดวิทยาเขตนครสวรรค์
►หนังสือทั่วไป:l:General Books
บนชั้น
9. วิทยาศาสตร์การแพทย์ และสุขภาพ
วิทยาศาสตร์การแพทย์ และสุขภาพ
WY157 ป621ก ฉ.8 
  Barcode: 25422
ห้องสมุดวิทยาเขตนครสวรรค์
►หนังสือทั่วไป:l:General Books
บนชั้น
10. วิทยาศาสตร์การแพทย์ และสุขภาพ
วิทยาศาสตร์การแพทย์ และสุขภาพ
WY157 ป621ก ฉ.9 
  Barcode: 25578
ห้องสมุดวิทยาเขตนครสวรรค์
►หนังสือทั่วไป:l:General Books
บนชั้น

รายการใกล้เคียง
    ผู้แต่ง [ปิยะนันท์ ลิมเรืองรอง]

    หัวเรื่อง [การพยาบาล]
    หัวเรื่อง [การตั้งครรภ์]

BibComment


ยังไม่เคยถูกคอมเมนท์

คอมเมนท์ทรัพยากรรายการนี้
  คอมเมนท์: การพยาบาลสตรีระย..


 Copyright 2026. Bcnsprnw @Library